书目信息 |
| 题名: |
碾压混凝土
|
|
| 作者: | 姜福田编著 | |
| 分册: | ||
| 出版信息: | 北京 中国铁道出版社 1991.03 |
|
| 页数: | 297页 | |
| 开本: | 32开 | |
| 丛书名: | ||
| 单 册: | ||
| 中图分类: | TV642.2 | |
| 科图分类: | ||
| 主题词: | 挡水坝 | |
| 电子资源: | ||
| ISBN: | 7-113-00933-6 | |
| 000 | 00503nam0 2200181 45 | |
| 001 | 0199007436 | |
| 005 | 20220530160108.20 | |
| 010 | @a7-113-00933-6@d4.75元 | |
| 100 | @a19990804d km y0chiy0120 ea | |
| 101 | 0 | @achi |
| 105 | @a z 000yy | |
| 200 | 1 | @ANIAN YA HUN NING TU@FJIANG FU TIAN BIAN ZHU@a碾压混凝土@f姜福田编著 |
| 210 | @a北京@c中国铁道出版社@d1991.03 | |
| 215 | @a297页@c无图表@d32开 | |
| 606 | 0 | @a挡水坝 |
| 690 | @aTV642.2@v4 | |
| 801 | 0 | @aCN@bPFT@c20220530 |
| 905 | @dTV642.2@eJ506@f3 | |
| 碾压混凝土/姜福田编著.-北京:中国铁道出版社,1991.03 |
| 297页:无图表;32开 |
| ISBN 7-113-00933-6:4.75元 |
| ● |
| 相关链接 |
|
|
|
正题名:碾压混凝土
索取号:TV642.2/J506
 
预约/预借
| 序号 | 登录号 | 条形码 | 馆藏地/架位号 | 状态 | 备注 |
| 1 | 15778 | 200051898 | 建筑库201/501自科库 48排2列5层/ [索取号:TU758.5/Z808] | 在馆 | |
| 2 | 15779 | 200051905 | 建筑库201/501自科库 48排2列5层/ [索取号:TU758.5/Z808] | 在馆 | |
| 3 | 15780 | 200051941 | 建筑库201/501自科库 48排2列5层/ [索取号:TU758.5/Z808] | 在馆 |